000 00307nam a22001337a 4500
008 170907b xxu||||| |||| 00| 0 eng d
020 _a9780133815917
041 _aeng
080 _a72
100 _a41
101 _aNDI
245 _aCONSTRUCTION CONTRACT ADMINISTRATION
_cLIEBING, R.W
942 _2udc
_cBK
999 _c26563
_d26563